Captain America The First Avenger - Statistics

General Stats
  • This quiz has been taken 31 times
  • The average score is 4 of 5
Answer Stats
Hint Answer % Correct
what is captain americas name Steve Rogers
100%
who is captain america's best friend Bucky Barnes
92%
who gave captain america his shield Howard Stark
88%
who is the main villain Redskull
75%
what infinity stone was seen in the movie Space
63%
No matching quizzes found
Score Distribution
Percent of People with Each Score
Percentile by Number Answered
Your Score History
You have not taken this quiz